Statistics for Guess the Random Waterparks Song #5

Click here to take the quiz!

General Stats

  • This quiz has been taken 10 times
  • The average score is 143 of 266

Answer Stats

Answer% Correct
a
100%
I
100%
go
80%
love
80%
me
80%
the
80%
The
80%
then
80%
You
80%
you
80%
you?
80%
And
60%
and
60%
be
60%
Can
60%
can
60%
did
60%
get
60%
how
60%
it
60%
loved
60%
my
60%
never
60%
out
60%
really
60%
so
60%
So,
60%
So
60%
song
60%
that
60%
That
60%
to
60%
us
60%
way,
60%
we
60%
We
60%
what
60%
When
60%
afterglow
40%
all
40%
another
40%
another,
40%
Because
40%
break
40%
B-side
40%
but
40%
But
40%
captivate
40%
celebrate
40%
change
40%
charade
40%
closer
40%
closer,
40%
contemplate
40%
create
40%
darkest
40%
different
40%
don't
40%
down?
40%
down
40%
easy
40%
Either
40%
evenin'
40%
evening
40%
eyes
40%
feel
40%
for
40%
gave
40%
got
40%
heart
40%
hit
40%
holiday
40%
hope
40%
I'm
40%
in
40%
(in
40%
It's
40%
know
40%
late
40%
left
40%
let
40%
life,
40%
life
40%
lonely
40%
Maybe
40%
myself
40%
need
40%
No,
40%
no,
40%
no
40%
Nothing
40%
nothing
40%
now?
40%
oh)
40%
on
40%
one
40%
only
40%
Or
40%
or
40%
over,
40%
over
40%
overplayed
40%
pay?
40%
pay
40%
rain
40%
ran
40%
right
40%
same
40%
space,
40%
stays
40%
stressed
40%
There's
40%
throwaway
40%
too
40%
try
40%
trying
40%
up
40%
want
40%
will
40%
yeah,
40%
yeah
40%
you're
40%
You're
40%
around
20%
been
20%
case
20%
'Cause
20%
fucked
20%
Is
20%
I've
20%
Just
20%
kill
20%
longer
20%
much
20%
ooh
20%
own
20%
running
20%
sabotage
20%
tried
20%
Used
20%
wait
20%
we're
20%
what'd
20%

Score Distribution

Percentile by Number Answered

Percent of People with Each Score

Your Score History

You have not taken this quiz